Top rádio oslavuje

Bibliographic Details
Main Author: agi (Author)
Corporate Author: Top Rádio, Košice (Author)
Format: Article
Language:Slovak
Subjects:

MARC

LEADER 00000nab a2200000 a 4500
001 vtls000907739
003 SK-MaSNL
005 20260302172500.0
008 040720e20011123xo 0 slo
035 |a KE16676 
040 |a KEVKJB  |b slo  |c KEVKJB  |e AACR2 
041 0 |a slo 
044 |a xo  |c SK 
080 |a 7.096  |2 1981 
100 0 |a agi  |4 aut  |9 878155 
245 1 0 |a Top rádio oslavuje 
610 2 7 |a Top Rádio, Košice  |2 KEVKJB  |9 877527 
610 2 7 |a TOP RÁDIO  |2 KEVKJB  |9 877528 
650 0 7 |a rozhlas  |2 KEVKJB  |9 18755 
650 0 7 |a výročie založenia 8.  |2 KEVKJB  |9 878525 
650 0 7 |a informácie  |2 KEVKJB  |9 1285 
651 7 |a Košice (Slovensko)  |2 KEVKJB  |9 18694 
651 7 |a KE,  |2 KEVKJB  |9 877256 
655 7 |a periodikum  |2 snkbucl  |9 29553 
710 2 |a Top Rádio, Košice  |4 aut  |9 877527 
773 0 8 |t Košický večer  |g Roč. 12  |g Roč. 33, č.227, 23.11.2001, s. 2 
852 |a ZVYKNI  |b KIS3GCP 
999 |c 1398913  |d 1400843